000 00520nam a2200193Ia 4500
003 OSt
005 20240601124828.0
008 210210b1988 xxu||||| |||| 00| 0 eng d
040 _cAL
041 _aKannada
082 _aK894.3 ARAA
100 _aARATI VENKATESH.
_dಆರತಿ ವೆಂಕಟೇಶ್
_9169043
245 _aAsha kirana.
_bಆಶಾಕಿರಣ
260 _aBengaluru
_bGitanjali Pablikeshans
_c1988
300 _a100
690 _aKannada Fiction
_9169044
906 _a045266
942 _2ddc
_cBK
999 _c94766
_d94766